[Event "Varna op 6th"]
[Site "Varna"]
[Date "2012.07.19"]
[Round "8"]
[White "Spassov, Liuben"]
[Black "Ljangov, Petar"]
[Result "1-0"]
[WhiteElo "2334"]
[BlackElo "2071"]
[PlyCount "187"]
[EventDate "2012.07.11"]
[EventType "swiss"]
[EventRounds "9"]
[EventCountry "BUL"]
[SourceTitle "CBM 149 Extra"]
[Source "ChessBase"]
[SourceDate "2012.08.24"]
[SourceVersion "1"]
[SourceVersionDate "2012.08.24"]
[SourceQuality "1"]

1. d4 Nf6 2. c4 a6 3. Nf3 d6 4. Nc3 Nbd7 5. e4 e5 6. Be2 Be7 7. 0-0 0-0 8. Rb1 c6 9. b4 b5 10. a4 bxc4 11. Bxc4 exd4 12. Nxd4 Ne5 13. Be2 c5 14. Nc2 Nc6 15. b5 axb5 16. axb5 Ne5 17. Bf4 Bb7 18. f3 Ng6 19. Be3 d5 20. exd5 Nxd5 21. Nxd5 Qxd5 22. Qxd5 Bxd5 23. Rfd1 Rfd8 24. Rd2 Bb7 25. Rxd8+ Rxd8 26. Na3 Ra8 27. Nc4 Ra2 28. Bd3 Ra4 29. b6 Nf8 30. Bd2 Nd7 31. Na5 Rd4 32. Nxb7 Rxd3 33. Be1 c4 34. Na5 c3 35. Kf1 Bg5 36. b7 Bf4 37. Rb3 Nb8 38. Rxc3 Rxc3 39. Bxc3 Bc7 40. Nc4 f6 41. g3 Kf7 42. Ke2 Ke6 43. Kd3 Kd5 44. Ne3+ Kc6 45. Nf5 g6 46. Ne7+ Kxb7 47. Bxf6 Nc6 48. Nd5 Kc8 49. Bg5 Bd8 50. Bxd8 Kxd8 51. Ke4 h6 52. Nf4 g5 53. Nd5 Ke8 54. Ne3 Kf7 55. Ng4 Kg7 56. Ne5 Ne7 57. h3 Kf6 58. Ng4+ Kg6 59. Ne3 Nc6 60. Nd5 Kf7 61. Ne3 Kg6 62. Nf5 Nb4 63. h4 Nc6 64. g4 h5 65. Ng3 gxh4 66. Nxh5 h3 67. Nf4+ Kg5 68. Nxh3+ Kh4 69. Nf4 Kg5 70. Ne6+ Kf6 71. Nd4 Nd8 72. f4 Nf7 73. Kd5 Ng5 74. Nc6 Ne6 75. Ke4 Nc5+ 76. Ke3 Ne6 77. Nd4 Nc5 78. Kf3 Nd3 79. Kg3 Kg6 80. Nf3 Nc5 81. Nh4+ Kh6 82. Kf3 Ne6 83. Ke4 Kg7 84. g5 Nc5+ 85. Kf3 Nd3 86. f5 Ne5+ 87. Kf4 Nd7 88. Nf3 Kh7 89. Ne5 Nc5 90. f6 Ne6+ 91. Kg4 Nc5 92. Kf5 Kg8 93. g6 Kh8 94. Nf7+ 1-0

[Event "Golden Sands Europe op 1st"]
[Site "Golden Sands"]
[Date "2012.06.09"]
[Round "6"]
[White "Spassov, Liuben"]
[Black "Nikolov, Momchil"]
[Result "1/2-1/2"]
[WhiteElo "2353"]
[BlackElo "2553"]
[PlyCount "32"]
[EventDate "2012.06.04"]
[EventType "swiss"]
[EventRounds "9"]
[EventCountry "BUL"]
[SourceTitle "CBM 148 Extra"]
[Source "ChessBase"]
[SourceDate "2012.06.22"]
[SourceVersion "1"]
[SourceVersionDate "2012.06.22"]
[SourceQuality "1"]

1. Nf3 Nf6 2. c4 e6 3. g3 b6 4. Bg2 Bb7 5. 0-0 Be7 6. d4 0-0 7. Nc3 Ne4 8. Bd2 Bf6 9. Rc1 Nxd2 10. Qxd2 d6 11. d5 e5 12. Ne1 Bg5 13. e3 f5 14. f4 Bf6 15. fxe5 Bxe5 16. Nf3 Nd7 1/2-1/2

[Event "Golden Sands Europe op 1st"]
[Site "Golden Sands"]
[Date "2012.06.07"]
[Round "4"]
[White "Spassov, Liuben"]
[Black "Mekhitarian, Krikor Sevag"]
[Result "1/2-1/2"]
[WhiteElo "2353"]
[BlackElo "2531"]
[PlyCount "164"]
[EventDate "2012.06.04"]
[EventType "swiss"]
[EventRounds "9"]
[EventCountry "BUL"]
[SourceTitle "CBM 148 Extra"]
[Source "ChessBase"]
[SourceDate "2012.06.22"]
[SourceVersion "1"]
[SourceVersionDate "2012.06.22"]
[SourceQuality "1"]

1. d4 Nf6 2. c4 g6 3. Nc3 Bg7 4. e4 d6 5. f3 0-0 6. Be3 a6 7. Qd2 Nc6 8. Nge2 Rb8 9. Rc1 e6 10. g3 Bd7 11. Nd1 Re8 12. Bg2 b5 13. cxb5 axb5 14. 0-0 Ra8 15. b3 e5 16. d5 Ne7 17. Nf2 c6 18. dxc6 Bxc6 19. Nd3 Bb7 20. Rfd1 d5 21. Nxe5 Qb8 22. f4 Nxe4 23. Bxe4 Bxe5 24. Bg2 Nf5 25. Bf2 Bg7 26. Rc5 Nd6 27. Nd4 Ne4 28. Bxe4 dxe4 29. Nxb5 e3 30. Bxe3 Re7 31. a4 Qf8 32. Bf2 Bf3 33. Rdc1 Rd8 34. Qxd8 Qxd8 35. Rc8 Re8 36. Rxd8 Rxd8 37. b4 h5 38. a5 Rd2 39. a6 Rb2 40. Bc5 Rg2+ 41. Kf1 Rxh2 42. a7 Ra2 43. Nc7 Bf8 44. Bd4 h4 45. Ra1 Rxa1+ 46. Bxa1 Bxb4 47. gxh4 Bd6 48. Kf2 Bh1 49. a8Q+ Bxa8 50. Nxa8 Bxf4 51. Bf6 Kh7 52. Kf3 Bd6 53. Nb6 Kg8 54. Nd7 Bc7 55. Kg4 Ba5 56. Ne5 Bd2 57. Nf3 Bc1 58. Ng5 Ba3 59. Kf4 Bd6+ 60. Kf3 Bc7 61. Ne4 Kh7 62. Nf2 Bb6 63. Ng4 Kg8 64. Ke4 Kf8 65. Kd5 Ke8 66. Kd6 Ba5 67. Kc6 Bb4 68. Kd5 Kf8 69. Ne5 Ke8 70. Nc4 Kd7 71. Ne5+ Ke8 72. Ng4 Kf8 73. Bd4 Ba5 74. Kd6 Be1 75. Bf6 Ke8 76. Kc7 Ba5+ 77. Kc8 Bb4 78. Kc7 Ba5+ 79. Kc6 Bb4 80. Kd5 Kf8 81. Ke4 Bd2 82. Kd5 Bb4 1/2-1/2

[Event "Golden Sands Europe op 1st"]
[Site "Golden Sands"]
[Date "2012.06.05"]
[Round "2"]
[White "Spassov, Liuben"]
[Black "Lu, Shanglei"]
[Result "0-1"]
[WhiteElo "2353"]
[BlackElo "2522"]
[PlyCount "48"]
[EventDate "2012.06.04"]
[EventType "swiss"]
[EventRounds "9"]
[EventCountry "BUL"]
[SourceTitle "CBM 148 Extra"]
[Source "ChessBase"]
[SourceDate "2012.06.22"]
[SourceVersion "1"]
[SourceVersionDate "2012.06.22"]
[SourceQuality "1"]

1. d4 f5 2. g3 Nf6 3. c4 g6 4. Nf3 Bg7 5. b4 d6 6. Bb2 c6 7. Nbd2 Na6 8. a3 Nc7 9. Bg2 0-0 10. 0-0 Kh8 11. Qc2 Be6 12. Rac1 Rc8 13. e4 fxe4 14. Ng5 Bf5 15. Qa4 d5 16. cxd5 cxd5 17. f3 e3 18. Nb1 Qd7 19. Qxd7 Nxd7 20. g4 Bxb1 21. Rxb1 h6 22. Nh3 Nb6 23. Rfe1 Nc4 24. Ba1 Nb5 0-1

[Event "Albena Masters op"]
[Site "Albena"]
[Date "2012.06.01"]
[Round "7"]
[White "Spassov, Liuben"]
[Black "Klein, Boris"]
[Result "0-1"]
[WhiteElo "2353"]
[BlackElo "2089"]
[PlyCount "62"]
[EventDate "2012.05.26"]
[EventType "swiss"]
[EventRounds "9"]
[EventCountry "BUL"]
[SourceTitle "CBM 148 Extra"]
[Source "ChessBase"]
[SourceDate "2012.06.22"]
[SourceVersion "1"]
[SourceVersionDate "2012.06.22"]
[SourceQuality "1"]

1. d4 d6 2. e4 g6 3. c4 Bg7 4. Nc3 Nc6 5. Be3 e5 6. Nge2 f5 7. exf5 Bxf5 8. d5 Nce7 9. Ng3 Nf6 10. h3 0-0 11. Bd3 c6 12. Qc2 cxd5 13. cxd5 Qd7 14. Nge4 Nxe4 15. Bxe4 b5 16. g4 b4 17. Ne2 Rfc8 18. Qd3 Bxe4 19. Qxe4 Qb5 20. Rd1 Rc4 21. Qd3 e4 22. Qb1 Nxd5 23. b3 Rcc8 24. Qxe4 Nc3 25. Qe6+ Kh8 26. Rd2 Nxe2 27. Rxe2 d5 28. Bg5 Rc6 29. Qf7 Rf8 30. Qe7 Rcc8 31. Qxa7 d4 0-1